00946nam a2200241 a 4500001001000000003000900010005001700019008004100036040002500077082002500102100004400127245005300171250001200224260003800236300002100274500007300295590002600368650005300394910003800447942001400485952018800499999001700687000024935DO-SdBNP20240927073748.0100916s1995 dr r 000 0 spa d aDO-SdBNPbspacBNPHU aRD860.9bB171p, 19951 a Balaguer, Joaquín,d1906-200297655614aLos próceres escritores /cJoaquín Balaguer. a5a. ed. aSanto Domingo :bCorripio,c1995. a309 p. ;c21 cm. aIncluye referencias bibliográficas y notas al pie de las páginas aInventariado, 2018/BT14aLiteratura dominicanaxHistoria y crítica9159 aValidado. Control de calidad. MFF 2ddccLBS1 0010718PDaPDbPDcHDd2011-02-08iLF1l0oRD860.9 B171p, 1995p24935-10r2020-06-25w2020-06-25yLFPDzPerteneció a la biblitoeca personal de Germán Emilio Ornes.ZNo se presta c24428d24428